<?xml version="1.0" encoding="UTF-8"?>
<collection xmlns:xsi="http://www.w3.org/2001/XMLSchema-instance" xsi:schemaLocation="http://www.loc.gov/MARC21/slim http://www.loc.gov/standards/marcxml/schema/MARC21slim.xsd" xmlns="http://www.loc.gov/MARC21/slim">
 <record>
  <leader>00000cam a22000004a 4500</leader>
  <controlfield tag="001">UP-99796217610932478</controlfield>
  <controlfield tag="003">Buklod</controlfield>
  <controlfield tag="005">20130911140945.0</controlfield>
  <controlfield tag="006">a           ||| u </controlfield>
  <controlfield tag="007">ta</controlfield>
  <controlfield tag="008">120113s2012    enka    rb   |001 0|eng d</controlfield>
  <datafield tag="020" ind1=" " ind2=" ">
   <subfield code="a">9780230347700 (cloth)</subfield>
  </datafield>
  <datafield tag="035" ind1=" " ind2=" ">
   <subfield code="a">(iLib)UPD-00205804976</subfield>
  </datafield>
  <datafield tag="040" ind1=" " ind2=" ">
   <subfield code="a">DLC</subfield>
   <subfield code="d">TMC</subfield>
  </datafield>
  <datafield tag="041" ind1="0" ind2=" ">
   <subfield code="a">eng</subfield>
  </datafield>
  <datafield tag="042" ind1=" " ind2=" ">
   <subfield code="a">DMLUC</subfield>
  </datafield>
  <datafield tag="090" ind1=" " ind2=" ">
   <subfield code="a">HD 30.2</subfield>
   <subfield code="b">C64 2012</subfield>
  </datafield>
  <datafield tag="245" ind1="0" ind2="0">
   <subfield code="a">Collaboration in outsourcing</subfield>
   <subfield code="b">a journey to quality</subfield>
   <subfield code="c">edited by Sjaak Brinkkemper, Professor of Organization and Information, Department of Information and Computing Sciences, Utrecht University and Slinger Jansen, Assistant Professor, Department of Information and Computing Sciences, Utrecht University.</subfield>
  </datafield>
  <datafield tag="264" ind1=" " ind2="1">
   <subfield code="a">Houndmills, Basingstoke, Hampshire</subfield>
   <subfield code="a">New York, NY</subfield>
   <subfield code="b">Palgrave Macmillan</subfield>
   <subfield code="c">2012.</subfield>
  </datafield>
  <datafield tag="300" ind1=" " ind2=" ">
   <subfield code="a">xxxii, 361 pages</subfield>
   <subfield code="b">illustrations</subfield>
  </datafield>
  <datafield tag="490" ind1="0" ind2=" ">
   <subfield code="a">Technology, Work, and Globalization</subfield>
  </datafield>
  <datafield tag="505" ind1="8" ind2=" ">
   <subfield code="a">Machine generated contents note: -- PART I: GOVERNANCE -- Governance Models In Offshore IT Outsourcing -- Security: Case Studies in three dimensions -- Mission-Critical Outsourcing -- Collaboration of Enterprise Architects in Outsourcing -- A Decision Procedure for the Where and How to Outsource -- Success and Failure in Offshore Development Projects -- PART II: COMMUNICATION AND KNOWLEDGE MANAGEMENT -- Boosting Distributed Collaboration Through Collaboration Tools Portfolio Optimization -- Retaining Project Knowledge in an Outsourcing Context -- Initial Knowledge Sharing in Outsourcing -- Optimal Team Composition in Distributed Software Development -- PART III: RELATIONSHIP MANAGEMENT AND QUALITY -- Dealing With Trust in Outsourcing Relationships -- IT Service Quality in Outsourcing Relationships -- Selection of Outsourcing Partners -- Conflict Resolution in Outsourcing -- Service Level Agreement in an Outsourcing World -- PART IV: SOFTWARE DEVELOPMENT -- Quality in Distributed Software Product Development -- Distributed Scrum Process Guide -- Project Coordination in Distributed Software Development -- Distributed Requirements Management in an Offshoring Context.</subfield>
  </datafield>
  <datafield tag="650" ind1=" " ind2="0">
   <subfield code="a">Information technology</subfield>
   <subfield code="x">Contracting out.</subfield>
  </datafield>
  <datafield tag="650" ind1=" " ind2="0">
   <subfield code="a">Electronic data processing departments</subfield>
   <subfield code="x">Contracting out.</subfield>
  </datafield>
  <datafield tag="700" ind1="1" ind2=" ">
   <subfield code="a">Brinkkemper, Sjaak.</subfield>
  </datafield>
  <datafield tag="700" ind1="1" ind2=" ">
   <subfield code="a">Jansen, Slinger.</subfield>
  </datafield>
  <datafield tag="905" ind1=" " ind2=" ">
   <subfield code="a">FO</subfield>
  </datafield>
  <datafield tag="950" ind1=" " ind2=" ">
   <subfield code="a">Monograph</subfield>
  </datafield>
  <datafield tag="852" ind1="0" ind2=" ">
   <subfield code="a">UPD</subfield>
   <subfield code="b">TMC</subfield>
   <subfield code="h">HD 30.2</subfield>
   <subfield code="i">C64 2012</subfield>
  </datafield>
  <datafield tag="942" ind1=" " ind2=" ">
   <subfield code="a">Book</subfield>
  </datafield>
 </record>
</collection>
